000 00543nam a2200181Ia 4500
008 151202s9999||||xx |||||||||||||| ||und||
082 _bPNVM-71855
100 _aकाळे व.पु.
245 _aवन फॉर द रोड.
260 _bमेहता पब्लिशिंग हाऊस.
260 _c71855
300 _a134
600 _aकाळे व.पु.
630 _aवन फॉर द रोड.
700 _aकाळे व.पु.
730 _aवन फॉर द रोड.
942 _cBOOK
999 _c1338524
_d1338521